K zákonu z 9.7.2020 so zameraním na zmeny a doplnenia v zákone o dani z príjmov

Cieľom návrhu zákona je všestranná podpora podnikateľského sektora pomocou opatrení napomáhajúcich oživeniu ekonomiky v čase nasledujúcom po útlme spôsobenom pandémiou choroby COVID-19. Návrh zákona obsahuje opatrenia administratívnej povahy a odstránenie byrokratických obmedzení malých a stredných...

Descripción completa

Guardado en:
Detalles Bibliográficos
Autor principal: Jarinkovičová, Valéria
Formato: Capítulo de libro
Lenguaje:eslovaco
Materias:
Etiquetas: Agregar Etiqueta
Sin Etiquetas, Sea el primero en etiquetar este registro!

MARC

LEADER 00000naa a2200000 4500
001 0268256
005 20200904142642.7
041 0 |a slo 
044 |a SK 
245 1 0 |a K zákonu z 9.7.2020 so zameraním na zmeny a doplnenia v zákone o dani z príjmov  |c Valéria Jarinkovičová 
520 |a Cieľom návrhu zákona je všestranná podpora podnikateľského sektora pomocou opatrení napomáhajúcich oživeniu ekonomiky v čase nasledujúcom po útlme spôsobenom pandémiou choroby COVID-19. Návrh zákona obsahuje opatrenia administratívnej povahy a odstránenie byrokratických obmedzení malých a stredných podnikateľov a živnostníkov. 
610 2 0 |a zákony 
610 2 0 |a novelizácia 
610 2 0 |a prostredie podnikateľské 
610 2 0 |a podpora podnikania 
610 2 0 |a ekonomika nová 
610 2 0 |a oživenie 
100 1 |a Jarinkovičová, Valéria